00546nam a2200193 a 4500001001300000003000900013005001700022008004100039020002400080082001600104100002100120245007400141260003200215300000900247500003500256505001800291650002200309700002100331nice12345678IN_TiNIC20260116014745.0050805s2003 enga grp 000 0 eng  a0713997664 c135000a303.66bSCH aSchell, Jonathan aThe Unconquerable Warb Power, Nonviolence and the Will of the People aEnglandbPenguin Bookc2003 a435p aincludes index and biblioraphy2 anotes, index. aWar And Sociology1 aSchell, Jonathan